Responses for show #68 - Wednesday, December 12, 1984

Ric Moser game 4.

Contestants

[<< previous game]

Ralph Moore, an interior decorator from Los Angeles, California

Pat Hansen, a book editor from Beverly Hills, California

Ric Moser, a printing broker from Raymore, Missouri (whose 3-day cash winnings total $25,399)

[next game >>]

Jeopardy! Round responses

INVENTIONS
ANCIENT WORLDS
HOLLYWOOD LEGENDS
CARS
U.S. STATES
"HARD"
    $100 13
a steamboat

Ralph
    $100 12
Rome

Ralph
    $100 1
Henry Fonda

Ralph
    $100 5
Mercedes

Ric
    $100 19
New York

Ric
    $100 2
hard cider

Ralph
    $200 14
a bicycle

Ric
    $200 15
Egypt

Ric
    $200 6
Edith Head

Pat
    $200 10
Pontiac

Ralph
    $200 20
Texas

Ric
    $200 3
hard-boiled

Ralph
    $300 23
(Ralph: What is a staple?)

a paper clip

PatRalph
    $300 16
the Bronze Age

Ric
    $500 7
(Pat: Who are Natalie Wood, Nick Adams, and James Dean?)

Natalie Wood, James Dean, and Sal Mineo

Pat
    $300 11
Bavarian Motor Works

Ric
    $300 21
Arizona

Ric
    $300 4
hard of hearing

Ralph
    $400 27
(Ralph: Who was Plato?)

Archimedes

RicRalph
    $400 17
painting

Ric
    $400 8
(Ralph: Who was Natalie Wood?)
(Pat: Who was...)
(Alex: Wait a minute, you have to ring in.)
[Pat rings in]
(Alex: That's it. Pat?)
(Pat: Who is Margaret O'Brien?)

Elizabeth Taylor

PatRalph
Triple Stumper
    $400 22
(Alex: I love the way you found it on your podium. "It's over here, Vermont is, wait a minute. Here's Connecticut. Here's Rhode Isl--- there's Vermont!)
(Ralph: Whatever works.)

Vermont

Ralph
    $400 24
Hardcastle

Ralph
    $500 28
(Ralph: What is a metal warship?)

a submarine

RicRalph
    $500 18
the Phoenicians

Ric
    $500 9
John Wayne

Ralph
    $500 26
South Carolina

Ric
    $500 25
A Hard Day's Night

Ric

Scores at the first commercial break (after clue 9):

Ric Pat Ralph
$100 -$700 $800

Scores at the end of the Jeopardy! Round:

Ric Pat Ralph
$4,500 -$400 $800

Double Jeopardy! Round responses

BODIES OF WATER
NEWSPAPERS
CIVIL WARS
MUSICIANS
DRUGS
"EASY"
    $200 10
Ireland

Ralph
    $200 8
The New York Times

Ralph
    $200 3
Pakistan

Ralph
    $200 5
Liberace

Ralph
    $200 7
LSD

Ric
    $200 1
over easy

Ralph
    $400 21
(Ric: [no response])

the Long Island Sound

RicPat
    $400 13
the Moonies (or the Unification Church)

Ric
    $400 16
(Ralph: What is Ireland?)

England

RicRalph
    $400 6
Charo

Ralph
    $400 18
barbiturates

Ric
    $400 2
easy rider

Ric
    $600 14
(Alex: Obviously, you read a lot.)

Rupert Murdoch

Ric
    $600 17
Biafra

Ralph
    $600 12
(Ralph: Who is John ... John...)

John Williams

RicRalph
    $1,200 4
"I'm Easy"

Ralph
    $800 15
Harding

Pat
    $800 20
green and orange

Ralph
    $1,000 22
(Pat: Who is Martin Gibson?)
...
(Alex: Remember [*] and Mary Ford and those great guitar numbers they used to do?)

Les Paul

Pat
    $800 9
(Pat: [no response])

Five Easy Pieces

PatRalph
    $1000 19
The Los Angeles Times

Ric
    $1000 24
(Pat: Who are the Loyalists?)
(Ric: Who are the Republicans?)

the Phalange

RicPat
Triple Stumper
    $1000 23
(Ralph: Who is Itzhak Perlman?)

Jascha Heifetz

PatRalph
    $1000 11
Easy Aces

Ralph

Scores at the end of the Double Jeopardy! Round:

Ric Pat Ralph
$7,100 -$1,000 $4,600

[wagering suggestions for these scores]

Final Jeopardy! Round responses

FLAGS
RalphWhat is Guyana?
$4,600
RicWhat is the Guiana flag
$2,499
South Africa

Final scores:

Ric Pat Ralph
$4,601 -$1,000 $0
4-day champion: $30,000 3rd place: a car stereo 2nd place: sunglasses and golf clubs

Game dynamics:

Coryat scores:

Ric Pat Ralph
$7,100 $500 $4,000
22 R,
2 W
5 R,
5 W
(including 2 DDs)
21 R
(including 1 DD),
7 W

Combined Coryat: $11,600

The J! Archive is created by fans, for fans. The Jeopardy! game show and all elements thereof, including but not limited to copyright and trademark thereto, are the property of Jeopardy Productions, Inc. and are protected under law. This website is not affiliated with, sponsored by, or operated by Jeopardy Productions, Inc. Join the discussion at JBoard.tv.